First 100 words of The Metamorphosis - Statistics

General Stats
  • This quiz has been taken 120 times
  • The average score is 39 of 100
Answer Stats
Word % Correct
a
98%
A
98%
in
92%
he
88%
He
88%
his
84%
His
84%
on
84%
The
83%
the
83%
was
78%
to
74%
and
73%
when
68%
bed
63%
woke
63%
him
61%
of
60%
One
60%
by
59%
morning,
58%
it
56%
It
56%
from
54%
as
52%
legs,
48%
Gregor
46%
into
46%
thin
44%
back,
42%
me?"
40%
Samsa
39%
too
38%
lay
37%
found
36%
with
34%
small,
32%
dream.
31%
himself
28%
room,
28%
room
28%
transformed
28%
looked.
23%
thought.
22%
wasn't
20%
its
19%
little
19%
many
19%
human
18%
dreams,
17%
happened
17%
off
17%
any
14%
vermin.
14%
rest
13%
four
11%
seemed
10%
size
10%
about
9%
armour-like
9%
horrible
9%
moment.
9%
walls.
9%
"What's
8%
able
7%
troubled
7%
bedding
6%
between
6%
cover
6%
familiar
6%
arches
4%
proper
4%
ready
4%
although
3%
compared
3%
divided
3%
peacefully
3%
pitifully
3%
sections.
3%
stiff
3%
domed
2%
hardly
2%
helplessly
2%
slide
2%
waved
2%
slightly
1%
No matching quizzes found
Score Distribution
Percent of People with Each Score
Percentile by Number Answered
Your Score History
You have not taken this quiz